Üzleti rendezvények megszervezése és lebonyolítása külsős helyszíneken

Bibliographic Details
Main Author: Kiss Angéla
Other Authors: Bándoli Attila István
Format: Thesis
Kulcsszavak:céges rendezvények
környezetvédelem
külsős helyszínek
rendezvényszervezés
rendezvényszervező
Online Access:http://dolgozattar.uni-bge.hu/60134

MARC

LEADER 00000nta a2200000 i 4500
001 dolg60134
005 20260409150032.0
008 260409suuuu hu om 000 hun d
040 |a BGE Dolgozattár Repozitórium  |b hun 
041 |a hu 
100 1 |a Kiss Angéla 
245 1 0 |a Üzleti rendezvények megszervezése és lebonyolítása külsős helyszíneken  |c Kiss Angéla  |h [elektronikus dokumentum] 
520 3 |a A szakdolgozat fő célja az, hogy megismertesse az olvasóval a céges rendezvények megszervezésének és lebonyolításának folyamatát. Olvashatunk még arról is, hogy milyen környezetvédő megoldásokat tudunk alkalmazni az ilyen jellegű eseményeken, továbbá arról is, hogy milyen bevételekkel és kiadásokkal számolhatunk. A kutatásom célja az volt, hogy egy-egy rendezvényszervezővel készült interjú során és a szakirodalmak segítségével megkapjuk a válaszokat ezekre. Tehát a kutatásom célcsoportja a rendezvényszervezők voltak. A szakdolgozat végén arra a következtetésre jutottam, hogy a folyamatok szinte minden lépésére nagy befolyást gyakorol a megrendelő. 
695 |a céges rendezvények 
695 |a környezetvédelem 
695 |a külsős helyszínek 
695 |a rendezvényszervezés 
695 |a rendezvényszervező 
700 1 |a Bándoli Attila István  |e ths 
856 4 0 |u http://dolgozattar.uni-bge.hu/60134/1/Kiss%20Ang%C3%A9la%20Szakdoga%20%281%29.pdf  |z Dokumentum-elérés 
856 4 0 |u http://dolgozattar.uni-bge.hu/60134/2/Szakdolgozat%20b%C3%ADr%C3%A1lati%20lap%20Kiss%20Ang%C3%A9la%20UFGSIR.pdf  |z Dokumentum-elérés 
856 4 0 |u http://dolgozattar.uni-bge.hu/60134/3/Szakdolgozat%20B%C3%ADr%C3%A1lati%20lap_BSc_BA_MSc_MA_2025%20Kiss%20Ang%C3%A9la.pdf  |z Dokumentum-elérés